000 01469cam a22004574i 4500
003 PE-LiUPU
005 20250731173502.0
008 150616s r 000 0 d
020 _a0664212964
035 _a(Sirsi) i9780664212964
040 _aPE-LiUPU
_bspa
_cPE-LiUPU
_erda
049 _aPRUA
082 0 4 _a221.07
_bOTL
_221
100 1 _aLimburg, James,
_eautor.
245 1 0 _aJonah :
_bA commentary /
_cJames Limburg.
264 1 _aKentucky, Louisville :
_bWestminster/John Knox Press,
_c1993.
300 _a123 páginas ;
_c23 centímetros.
336 _atext
_2rdacontent
337 _aunmediated
_2rdamedia
338 _avolume
_2rdacarrier
490 0 _a(The Old Testament Library)
504 _aBibliografía al pie de pág.
505 0 _aComentario a todos los capítulos del libro de Jonás Jonás.
526 _aSEG42
526 _aSEG41
526 _aSEG40
526 _aSEG39
526 _aP94
526 _aP87
526 _aP86
526 _aP85
526 _aP77
526 _aP76
526 _aP35
630 _aBiblia.
_pJonás
_xCrítica e interpretación
910 _ajck
942 _2ddc
_cBK
949 _a221.07 OTL 32
_wDEWEY
_c1
_i40320
_lCCODEBUL1
_mBUL
_r0
_sY
_tBOOK
_u2015-6-16
_xTEOLOGIA
_zUNKNOWN
_0COMPRA
_o.STAFF. Colección General
999 _c58123
_d58123
980 _81
_gALBERTO SANCHEZ Responsable de Automatización